000 00339 a2200157 4500
001 181655
020 _a
040 _cMagnum
100 _aImenes, Luiz Marcio
240 1 0 _aMatematica ao vivo/v.3
_lpor
245 1 0 _aMatematica ao vivo/v.3
362 0 _a1899
440 1 _aScipione
697 _aMAGNITO: PARADIDATICO
942 _cBK
999 _c181655
_d181655